Personnes les plus connues par pays #3 - Statistiques

Statistiques générales
  • Ce quiz a été pris 85 fois
  • Le résultat moyen est 2 sur 10
Statistiques - réponses
Pays Personne la plus connue % Correct
Irak Saddam Hussein
50%
Israël / Palestine Jésus de Nazareth
46%
Cameroun Samuel Eto'o
41%
Grèce Aristote
36%
Vietnam Hô Chi Minh
26%
Arabie saoudite Mahomet
22%
Algérie Albert Camus
4%
Japon Hayao Miyazaki
4%
Ghana Kofi Annan
1%
Maroc Ibn Battuta
0%
Aucun quiz correspondant
Distribution des résultats
% des personnes avec chaque résultat
Percentile par nombre de réponses
Votre historique - résultats
Vous n’avez pas pris ce quiz